Chiledatos: hacia el bicentenario
Uloženo v:
| Hlavní autor: | |
|---|---|
| Médium: | Kniha |
| Jazyk: | španělština |
| Vydáno: |
Santiago
Libertad
2002
|
| Témata: | |
| Tagy: |
Přidat tag
Žádné tagy, Buďte první, kdo vytvoří štítek k tomuto záznamu!
|
MARC
| LEADER | 00000nam a2200000 a 4500 | ||
|---|---|---|---|
| 001 | UCK9464 | ||
| 003 | CL-VaPUC | ||
| 008 | 060512e20020000CL |||||||||||||||||spa|d | ||
| 020 | |a 9567348049 | ||
| 082 | 0 | 4 | |a 983 |b DIA |2 21 |
| 100 | 0 | |a Díaz S., Jorge |e author |9 499304 | |
| 245 | 1 | 0 | |a Chiledatos: hacia el bicentenario |
| 300 | |a 426 p | ||
| 942 | |c BK | ||
| 945 | |d 20060512 00:00:00 |a jtorresc | ||
| 260 | |a Santiago |b Libertad |c 2002 | ||
| 650 | 0 | |a Historia de Chile |9 265473 | |
| 651 | 7 | |a CHILE |2 CL-VaPUC |9 499305 | |
| 583 | |a last modification |c 20060512 00:00:00 |k Rodrigo Vera | ||
| 999 | |c 316667 |d 316665 | ||
| 952 | |0 0 |1 0 |4 0 |6 983_000000000000000_DIA_2002 |7 0 |8 A |9 391311 |a BIBAGR |b BIBAGR |d 2019-11-22 |i 4226100 |o 983 DIA 2002 |p 4226100 |r 2025-01-20 |w 2019-11-22 |y BK |k AGR | ||